Attention - Charlie Puth (All Lyrics) - Statistics

General Stats
  • This quiz has been taken 476 times
  • The average score is 347 of 427
Answer Stats
Attention % Correct
you
99%
You
99%
at
98%
when
98%
attention
97%
I
97%
just
97%
my
97%
heart
95%
want
95%
don't
91%
me
90%
me?
90%
on
90%
that
90%
That
90%
be
89%
knew
87%
know
87%
the
87%
no
85%
to
85%
up
85%
is
84%
what
84%
Outro | Post-Chorus What
84%
dress
83%
regret
83%
were
83%
we're
83%
with
83%
all
82%
And
82%
I'm
82%
in
82%
Cause
81%
oh
81%
been
80%
got
80%
LA
80%
mine
80%
runnin'
80%
someone
80%
karma
79%
thinking
79%
you're
79%
You're
79%
Verse 1 | Verse 2 You've
79%
from
78%
name
78%
new
78%
round
78%
start
78%
call
77%
now
77%
perfume
77%
I'd
76%
one
76%
Yeah
76%
yeah
76%
party
75%
tonight
75%
dirt
74%
expect?
73%
home
73%
coming
72%
Every
72%
over
72%
going
71%
not
71%
of
71%
Maybe
70%
never
70%
Throwin'
70%
are
69%
hate
68%
making
68%
sure
68%
But
67%
doin'
67%
gettin'
67%
bout
65%
thought
65%
ya
64%
Baby
53%
face
48%
already
42%
standin'
40%
won
37%
here
35%
ready
35%
Right
28%
huh?
12%
No matching quizzes found
Score Distribution
Percent of People with Each Score
Percentile by Number Answered
Your Score History
You have not taken this quiz